000 00592nam a22001817a 4500
005 20260416144449.0
008 260416b |||||||| |||| 00| 0 eng d
020 _a978-0-521-67632-8
050 _aRC 961.5 C494 2006
100 _aCHEESBROUGH, MONICA
245 _aDISTRICT LABORATORY PRACTICE IN TROPICAL COUNTRIES PART 1
250 _a2ND
260 _aCAPE TOWN,
_bCAMBRIDGE UNIVERSITY PRESS,
_c2006
300 _aVII,454 P, ILL,
500 _aINCLUDES INDEX.
650 _a1. TROPICAL MEDICINE-HAND BOOKS ,MANUALS. 2. DRAGNOSIS LABORATORY- HANDBOOKS ,MANUALS
942 _2lcc
_cBK
999 _c216989
_d216989